Most democratic countries in 1849 - Statistics

General Stats
  • This quiz has been taken 80 times
    54 since last reset
  • The average score is 11 of 20
Answer Stats
Score Country % Correct
0.295 United Kingdom
98%
0.388 France
93%
0.317 Sweden
93%
0.292 United States
93%
0.369 Denmark
86%
0.464 Switzerland
81%
0.370 Netherlands
79%
0.248 Norway
79%
0.338 Belgium
71%
0.142 Mexico
69%
0.163 Bavaria
48%
0.181 Colombia
45%
0.178 Saxony
43%
0.174 Baden
31%
0.172 Costa Rica
31%
0.201 Hesse Grand Ducal
26%
0.195 Mecklenburg Schwerin
21%
0.166 Liberia
10%
0.251 Nassau
10%
0.177 Brunswick
5%
No matching quizzes found
Score Distribution
Percent of People with Each Score
Percentile by Number Answered
Your Score History
You have not taken this quiz since the last reset